000 01082pab a2200217 454500
008 180718b2014 xxu||||| |||| 00| 0 eng d
100 _aNageshwar, K.
245 _aParliament, state legislature and bifurcation
260 _c2014
300 _ap.28-31.
362 _a18 May
520 _aIn the context of the proposed division of Andhra Pradesh the question arises, what is the due process for reorganising states? The Constitution and various judgments of the Supreme Court are quite clear that Parliament has the unequivocal power in deciding matters relating to reorganisation of the states. Any debate regarding the constitutional provisions is more in the realm of politics than about any interpretation of the Constitution. - Reproduced.
650 _aAndhra Pradesh. Legislative Assembly
650 _aAndhra pradesh - Politics and government
650 _aPolitics and government
650 _aAdmiinistrative reform - India - Andhra Pradesh
650 _aAdministrative reform
773 _aEconomic and Political Weekly
908 _aN
909 _a105556
999 _c105551
_d105551